000 00822nam a2200229Ia 4500
003 OSt
005 20220923212047.0
006 a|||||r|||| 00| 0
007 ta
008 220922b |||||||| |||| 00| 0 hin d
024 _a150,418
037 _cTextual
040 _aARTS
_cARTS
_bhin
041 _2hin
_ahin
082 _aD:P111:4k, 152K6.1-.4 (RR)
100 _aवैज्ञानिक तथा तकनीकि शब्दावली आयोग
_9162031
245 0 _aइंजीनियरी शब्दावली 1 से 4
246 _aIanjīniyarī shabdāvalī 1 se 4
260 _c1966
942 _hD:P111:4k, 152K6.1-.4 (RR)
_cTEXL
_2CC
999 _c306098
_d306098